000
00284nam a22001337a 4500
008
180920b xxu||||| |||| 00| 0 eng d
020
_a
9780896762282
041
_a
eng
080
_a
658
100
_a
53
101
_a
MEN
245
_a
Stage Management
_c
Dilker,B
942
_2
udc
_c
BK
999
_c
48096
_d
48096